Unstoppable (Record no. 350510)
[ view plain ]
| 000 -LEADER | |
|---|---|
| fixed length control field | 00491nam a2200169Ia 4500 |
| 008 - FIXED-LENGTH DATA ELEMENTS--GENERAL INFORMATION | |
| fixed length control field | 230718s9999 xx 000 0 und d |
| 020 ## - INTERNATIONAL STANDARD BOOK NUMBER | |
| International Standard Book Number | 9780670090549 |
| 041 ## - LANGUAGE CODE | |
| Language code of text/sound track or separate title | eng |
| 082 ## - DEWEY DECIMAL CLASSIFICATION NUMBER | |
| Classification number | 823.92 |
| Item number | BHA |
| 100 ## - MAIN ENTRY--PERSONAL NAME | |
| Personal name | Bhasin S. |
| 9 (RLIN) | 117971 |
| 245 ## - TITLE STATEMENT | |
| Title | Unstoppable |
| Remainder of title | Kuldip Singh Dhingra And The Rise Of Berger Paints |
| 260 ## - PUBLICATION, DISTRIBUTION, ETC. (IMPRINT) | |
| Date of publication, distribution, etc. | 2019 |
| Name of publisher, distributor, etc. | Penguin/ Portfolio |
| 300 ## - PHYSICAL DESCRIPTION | |
| Extent | 300 |
| 365 ## - TRADE PRICE | |
| Currency code | Rs. |
| Price amount | 599.00 |
| 700 ## - ADDED ENTRY--PERSONAL NAME | |
| Personal name | Bhasin S. |
| 9 (RLIN) | 117971 |
| 906 ## - LOCAL DATA ELEMENT F, LDF (RLIN) | |
| d | O:0670209-Oct-2019B:77330-Sep-2019 |
| c | GENRL |
| b | 149.75 |
| Withdrawn status | Lost status | Damaged status | Not for loan | Home library | Current library | Date acquired | Vendor | Budget Code | Cost, normal purchase price | Bill number | Total Checkouts | Full call number | Barcode | Date last seen | Date last checked out | Discount | Cost, replacement price | Bill Date | Koha item type | Original Barcode |
|---|---|---|---|---|---|---|---|---|---|---|---|---|---|---|---|---|---|---|---|---|
| Cummins College of Engineering for Women Pune | Cummins College of Engineering for Women Pune | 09/10/2019 | Varma Book Distributors | GENRL | 449.25 | 773 | 3 | 823.92 | CCEP-BK-61717 | 06/09/2024 | 22/08/2024 | 149.75 | 599.00 | 30/09/2019 | Books | 061717 |